Geography of Population / (Record no. 151704)

MARC details
000 -LEADER
fixed length control field 00698nam a22001937a 4500
005 - DATE AND TIME OF LATEST TRANSACTION
control field 20180424104345.0
010 ## - LCCN (DPL NO)
LC control number B-691523-524
020 ## - INTERNATIONAL STANDARD BOOK NUMBER
Terms of availability 475.00
International Standard Book Number 9789327270020
035 ## - SYSTEM CONTROL NUMBER
System control number B-691523-524
037 ## - SOURCE OF ACQUISITION
Source of stock number/acquisition R.K.Books
082 ## - DEWEY DECIMAL CLASSIFICATION NUMBER
Classification number 304.6
100 ## - MAIN ENTRY--PERSONAL NAME
Personal name Chandana, R.C.
245 ## - TITLE STATEMENT
Title Geography of Population /
Statement of responsibility, etc by R.C. Chandana
260 ## - PUBLICATION, DISTRIBUTION, ETC. (IMPRINT)
Place of publication, distribution, etc New Delhi
Name of publisher, distributor, etc Kalyani Publishers
Date of publication, distribution, etc 2016
270 ## - ADDRESS
Address Process World India,C-90,Sec.63,
City New Delhi
Postal code 110002
300 ## - PHYSICAL DESCRIPTION
Extent 693p.
Dimensions 23cm. (pbk).
942 ## - ADDED ENTRY ELEMENTS (KOHA)
Source of classification or shelving scheme Dewey Decimal Classification
Item type English Books
Call number suffix CHA
Classification part 304.6
Holdings
Withdrawn status Lost status Not for loan Collection code Home library Current library Date acquired Source of acquisition Cost, normal purchase price Full call number Barcode Copy number Cost, replacement price Koha item type
      Non-fiction Bawana Bawana 24/04/2018 R.K.Books IN4122/17-18/26.03.2018/897/23.03.2018/27.03.2018 475.00 304.6 CHA B-691524 1 475.00 English Books
      Non-fiction Narela Narela 24/04/2018 R.K.Books IN4122/17-18/26.03.2018/897/23.03.2018/27.03.2018 475.00 304.6 CHA B-691523 1 475.00 English Books

© Delhi Public Library
Hit Counter
free hit counter